000 01255nam a2200253Ia 4500
999 _c53226
_d53226
001 20267
003 GE_BSU
005 20200729201218.0
008 181216s1975||||ge |||||||||||||| ||geo||
040 _cGE_BSU
041 _ageo
080 _a811.353.1'373 ქ-84
100 _aქუთათელაძე, ლილი
_99076
245 _aიოანე ბაგრატიონის "ქართული ლექსიკონი" /
_cლილი ქუთათელაძე ; მხატვ. მ. თუშმალიშვილი.
264 _aთბილისი :
_bმეცნიერება,
_c1975.
300 _a211 გვ. ;
_c23 სმ.
541 _h2 ლ. 60თ.
653 _aიოანე ბაგრატიონის "ქართული ლექსიკონი"
653 _aქართული ენა
700 _aთუშმალიშვილი, მ.
_eმხატვარი
_99077
710 _aსაქართველოს სსრ მეცნიერებათა აკადემია
_99078
710 _aგ. კეკელიძის სახელობის ხელნაწერთა ინსტიტუტი
_99079
942 _cBK
_2udc